19th Century Wars - Statistics

General Stats
  • This quiz has been taken 66 times
  • The average score is 7 of 17
Answer Stats
Dates War % Correct
1812-1815 War of 1812
81%
1853-1856 Crimean War
74%
1803-1815 Napoleonic Wars
74%
1861-1865 American Civil War
72%
1870-1871 Franco-Prussian War
62%
1898 Spanish-American War
57%
1880-1881 First Boer War
40%
1899-1902 Second Boer War
40%
1866 Austro-Prussian War
36%
1839-1842 1st Opium War
33%
1856-1860 2nd Opium War
33%
1899-1901 Boxer Rebellion
21%
1879 Zulu War
21%
1848-1849 Italian War of Independence
12%
1839-1842 First Anglo-Afghan War
5%
1828-1834 Liberal Wars
5%
1878-1880 Second Anglo-Afghan War
5%
No matching quizzes found
Score Distribution
Percent of People with Each Score
Percentile by Number Answered
Your Score History
You have not taken this quiz